书目信息 |
| 书名: | Economic systems analysis | |
| 作者: | Andrew P. Sage. | |
| 分册号: | ||
| 分册名: | 出版地: | New York : |
|
| 出版社: | North-Holland | |
| 出版时间: | c1983. | |
| 页数: | vi, 362 p. ; | |
| 开本: | 24 cm. | |
| 丛书名: | North-Holland series in system science and engineering | |
| 中图分类号: | ||
| 科图分类号: | ||
| 其他分类号: | TN02 | |
| 主题词: | ||
| 电子资源: | ||
| 000 | 01006cam 22003130a 4504 | |
| 001 | E0738841952 | |
| 003 | CaOON | |
| 005 | 20070305105410.53 | |
| 008 | 040315s1983 nyu b 0011 eng l | |
| 010 | @a82019108 //r84 | |
| 020 | @a0444007318. | |
| 040 | @aDLC@beng@cDLC@dCaOONL | |
| 050 | 00 | @aTA177.4@b.S23 1983 |
| 082 | 0 | @a338.5 |
| 090 | @aE304.9/W59 | |
| 090 | @aTN02 | |
| 099 | @dTN02@ex2 | |
| 100 | 1 | @aSage, Andrew P. |
| 245 | 10 | @aEconomic systems analysis :@bmicroeconomics for systems engineering, engineering management, and project selection / @cAndrew P. Sage. |
| 260 | 0 | @aNew York :@bNorth-Holland,@cc1983. |
| 300 | @avi, 362 p. ;@c24 cm. | |
| 440 | 0 | @aNorth-Holland series in system science and engineering ;@v10. |
| 500 | @aIncludes bibliographies and index. | |
| 650 | 0 | @aMicroeconomics. |
| 650 | 0 | @aSystem analysis. |
| 650 | 0 | @aEngineering economy. |
| 700 | 1 | @aSage, A. P. |
| 700 | 1 | @aSe鎖dzh, 鏓ndr雐靧 P. |
| 920 | @a232010@z2 | |
| Economic systems analysis : : microeconomics for systems engineering, engineering management, and project selection / / Andrew P. Sage.-New York : : North-Holland, , c1983. |
| vi, 362 p. ; ; 24 cm.- (North-Holland series in system science and engineering ; 10. ) |
| Includes bibliographies and index. |
| ISBN 0444007318. |
| ● |
| 相关链接 |
|
|
|
|
正题名:Economic systems analysis
索取号:TN02/x2
 
预约/预借
| 序号 | 登录号 | 条形码 | 馆藏地/架位号 | 状态 | 备注 |
| 1 | 0000021 | 300000219 | 第四借阅区/ [索取号:TN02/x2] | 在馆 |